000 006310000a22001810004500
003 MACL
005 20160412134742.0
008 160412b xxu||||| |||| 00| 0 eng d
040 _aMACL
_cMACL
041 _aHindi
082 _a590
100 _aचटटोपाध्‍याय शरत़
_951937
245 _aचिल्‍ड्रन ज्ञान-विज्ञान एन्‍साइक्‍लोपीडिया
260 _bटाइम स्‍टार पब्लिकेशन
_c2002
_aनई दिल्‍ली
350 _a300
650 _aZoology
_951938
942 _cHIN
_k590
_2ddc
999 _c12830
_d12830